Vista normal Vista MARC

Entrada Personal Name

Número de registros utilizados en: 1

001 - CONTROL NUMBER

  • control field: 43880

003 - CONTROL NUMBER IDENTIFIER

  • control field: OSt

005 - DATE AND TIME OF LATEST TRANSACTION

  • control field: 20241009152824.0

008 - FIXED-LENGTH DATA ELEMENTS

  • fixed length control field: 241009|| aca||aabn | a|a d

040 ## - CATALOGING SOURCE

  • Original cataloging agency: OSt
  • Transcribing agency: OSt

100 ## - HEADING--PERSONAL NAME

  • Personal name: Escobar Mesa, Augusto,
  • Dates associated with a name: 1949-

670 ## - SOURCE DATA FOUND

  • Source citation: Work cat.: (OSt)30851: Jornadas de literatura Comfama ( : 2004 : Medellín) 43878, Literatura y educación : , 2004.